The noble scholar, jurist, historian


 His Excellency Dr. Abdul Wahhab bin Ibrahim Abu Sulaiman, may Allah have mercy on him.


 He was born in Umm Al-Qura in the year 1356 AH.

الرحلة الفضلى إلى ندوة الحج الكبرى / (Record no. 9438)

MARC details
000 -LEADER
fixed length control field 02552cam a2200337 i 4500
003 - CONTROL NUMBER IDENTIFIER
control field OSt
005 - DATE AND TIME OF LATEST TRANSACTION
control field 20250704143648.0
008 - FIXED-LENGTH DATA ELEMENTS--GENERAL INFORMATION
fixed length control field 250702s2013 mr g 000 0 ara c
020 ## - INTERNATIONAL STANDARD BOOK NUMBER
International Standard Book Number 9789954318218
024 0# - OTHER STANDARD IDENTIFIER
Standard number or code 00000000625392
040 ## - CATALOGING SOURCE
Original cataloging agency SA-JeALM
Language of cataloging ara
Transcribing agency SA-RiAUC
Description conventions rda
050 #4 - LIBRARY OF CONGRESS CALL NUMBER
Item number .B83 2013
050 #4 - LIBRARY OF CONGRESS CALL NUMBER
Item number .B83 2013
082 04 - DEWEY DECIMAL CLASSIFICATION NUMBER
Classification number 252.5
Assigning agency SA-RiAUC
090 ## - LOCALLY ASSIGNED LC-TYPE CALL NUMBER (OCLC); LOCAL CALL NUMBER (RLIN)
Classification number (OCLC) (R) ; Classification number, CALL (RLIN) (NR) 252.5
Local cutter number (OCLC) ; Book number/undivided call number, CALL (RLIN) ب و د
100 1# - MAIN ENTRY--PERSONAL NAME
Personal name بودرع، عبد الرحمن،
Dates associated with a name 1956-
Relator term مؤلف.
245 12 - TITLE STATEMENT
Title الرحلة الفضلى إلى ندوة الحج الكبرى /
Statement of responsibility, etc. أ. د. عبد الرحمن بودرع.
264 #1 - PRODUCTION, PUBLICATION, DISTRIBUTION, MANUFACTURE, AND COPYRIGHT NOTICE
Place of production, publication, distribution, manufacture [مكان النشر غير محدد] :
Name of producer, publisher, distributor, manufacturer [الناشر غير محدد]،
Date of production, publication, distribution, manufacture, or copyright notice 2013.
264 #3 - PRODUCTION, PUBLICATION, DISTRIBUTION, MANUFACTURE, AND COPYRIGHT NOTICE
Place of production, publication, distribution, manufacture تطوان [المغرب] :
Name of producer, publisher, distributor, manufacturer مطابع الشويخ
300 ## - PHYSICAL DESCRIPTION
Extent 90 صفحة ؛
Dimensions 24 × 16 سم.
336 ## - CONTENT TYPE
Content type term نص
Content type code txt
Source rdacontent
Materials specified كتاب
337 ## - MEDIA TYPE
Media type term بدون وسيط
Media type code n
Source rdamedia
338 ## - CARRIER TYPE
Carrier type term مجلد
Carrier type code nc
Source rdacarrier
490 0# - SERIES STATEMENT
Series statement منشورات ندوة زمزم الجمعية ؛
Volume/sequential designation 15
500 ## - GENERAL NOTE
General note إهداء من المؤلف عبد الرحمن بودرع بتاريخ 1434/3/14 هـ
520 ## - SUMMARY, ETC.
Summary, etc. كتاب يجمع بين دفتيه ثلاثة بحوث : أحدها في مكانة مكة والمجاورة بها في كتابات العلماء، والثاني في أدب الرحلة إلى الحج وركب الحجاج. والثالث في الرحلة الفضلى إلى ندوة الحج الكبرى، وهي أنموذج عملي للرحلة الحجازية. فالجامع للمباحث الثلاثة مكة المكرمة: مقصد الحجاج والرحالة والعلماء والمجاورين،مهووى الأفئدة، وموحد المقاصد، والآخذ بمجامع الأرواح والقلوب وحاديها إلى شفاء النفوس. فموضوع مكانة الحجاز ومكة المكرمة والمدينة والبقاع الطاهرة وفضائلها، موضوع حي غض طري يتجدد ولا ينقطع بحجة أو عمرة أو مجاورة أو تأليف أو رحلة علمية ويأتي هذا الكتاب المختصر ليضع في الجدار لبنة وفي طريق التأليف معلما عسى أن يسهم في شفاء ما بالنفوس المولعة وما بالقلوب المترعة من شوق لا ينفد، وحنين تذكو جمرته ولا تخمد.
650 #7 - SUBJECT ADDED ENTRY--TOPICAL TERM
Topical term or geographic name entry element الحج (فقه إسلامي)
Source of heading or term aucsh
650 #7 - SUBJECT ADDED ENTRY--TOPICAL TERM
Topical term or geographic name entry element الحجاج
Source of heading or term aucsh
942 ## - ADDED ENTRY ELEMENTS (KOHA)
Source of classification or shelving scheme Dewey Decimal Classification
Koha item type Books
Suppress in OPAC No
949 ## - LOCAL PROCESSING INFORMATION (OCLC)
a SA-JeALM
d 250702
u mohamedma123
n 1
Holdings
Withdrawn status Lost status Source of classification or shelving scheme Damaged status Not for loan Home library Current library Date acquired Total checkouts Full call number Barcode Date last seen Price effective from Koha item type
    Dewey Decimal Classification     DR AbdElwahab Library DR AbdElwahab Library 07/04/2025   252.5 ب و د 000015335 07/04/2025 07/04/2025 Books